Linguistics and Culture Review

Guardado en:
Detalles Bibliográficos
Formato: Seriadas
Lenguaje:inglés
Publicado: New York American Linguist Association
Etiquetas: Agregar Etiqueta
Sin Etiquetas, Sea el primero en etiquetar este registro!

MARC

LEADER 00000nls a2200000 4500
001 0279971
005 20240417073941.4
022 |a 2690-103X 
041 0 |a eng 
044 |a US 
245 1 0 |a Linguistics and Culture Review 
264 1 |a New York  |b American Linguist Association